| 000 | 01305cad a22002775a 4500 | ||
|---|---|---|---|
| 001 | L158378 | ||
| 002 | |||
| 008 | 131031s2014 xxk f f 001 0 eng d | ||
| 020 | _a9781783210251 | ||
| 035 | _a(Sirsi) u158378 | ||
| 041 | 0 | _apol | |
| 050 | 0 | 4 | _a333.332 $2 18 |
| 110 | 2 |
_aRoyal Institution of Chartered Surveyors _94900 |
|
| 240 | 0 | 0 | _aRed Book |
| 245 | 0 | 0 |
_aRICS valuation _bprofessional standards January 2014, incorporating the IVSA International Valuation Standards _bPolish translation _h[electronic resource] |
| 260 |
_aLondon _bRICS _c2014 |
||
| 490 | 0 | _aRICS Guidance Note | |
| 490 | 0 | _aRICS Valuation Standards | |
| 520 | _aContains mandatory rules and best practice guidance for all RICS registered valuers undertaking valuation services worldwide. Fully compliant with International Valuation Standards (IVS) issued by the International Valuation Standards Council. Effective from 6 January 2014 and applies to all valuations where the valuation date is on or after that date. | ||
| 650 | 2 | 4 | _aRICS VALUATION STANDARDS |
| 651 | 4 | _aInternational | |
| 690 |
_aValuation _96273 |
||
| 856 | 4 | 0 |
_uhttps://www.rics.org/Global/RICS_Red_Book_2014_Polish_PGguidance_2014.pdf _zRICS members can access this item free of charge at www.rics.org |
| 942 | _n0 | ||
| 999 |
_c115282 _d115282 |
||
| 490 | _aRICS Red Book | ||